ბათუმის შოთა რუსთაველის სახელმწიფო უნივერსიტეტის ბიბლიოთეკა

რაჭა-იმერეთის საეპისკოპოსოები : (ბიბ.ჩანაწერი № 60364)

000 -ლიდერი
ფიქსირებული სიგრძის საკონტროლო ველი 01432nam a22002297a 4500
003 - საკონტროლო ნომრის იდენტიფიკატორი
საკონტროლო ველი Ge_BSU
005 - ბოლო ოპერაციის თარიღი და დრო
საკონტროლო ველი 20230705154517.0
008 - ფიქსირებული სიგრძის მონაცემთა ელემენტები - ზოგადი ინფორმაცია
ფიქსირებული სიგრძის საკონტროლო ველი 230705s2015ge xxu||||| |||| 00| 0 geo d
020 ## - წიგნის საერთაშორისო სტანდარტული ნომერი
International Standard Book Number 9789941078804
041 ## - ენის კოდი
Language code of text/sound track or separate title geo
080 ## - უნივერსალური ათობითი კლასიფიკაციის ინდექსი
Universal Decimal Classification number 27-772(479.222) გ-22
100 ## - მთავარი ჩანაწერი - პიროვნების სახელი
Personal name გაფრინდაშვილი, ბესიკ, ავტორი.
9 (RLIN) 19168
245 ## - ცნობა სათაურის შესახებ
Title რაჭა-იმერეთის საეპისკოპოსოები :
Remainder of title (გელათი, ხონი, ნიკორწმინდა) : 1529-1820 წწ. /
Statement of responsibility, etc ბესიკ გაფრინდაშვილი ; მთავარი რედაქტორი როინ მეტრეველი ; ყდის დიზაინერი გიორგი ხუციშვილი.
264 ## - წარმოების, გამოცემის, დისტრიბუციის და სხვა ცნობები
გამოცემის, წარმოების, დისტრიბუციის... ადგილი თბილისი,
გამოცემის, წარმოების, დისტრიბუციის... თარიღი 2015.
300 ## - ფიზიკური აღწერა
Extent 272 გვ.,
Other physical details [6 ჩართ. ფ.] ;
Dimensions 20 სმ.
504 ## - BIBLIOGRAPHY, ETC. NOTE
Bibliography, etc ბიბლიოგრ.: გვ. 264-272.
653 ## - INDEX TERM--UNCONTROLLED
Uncontrolled term დასავლეთ საქართველოს საეპისკოპოსოები.
653 ## - INDEX TERM--UNCONTROLLED
Uncontrolled term საქართველოს ეკლესიის ისტორია.
700 ## - ADDED ENTRY--PERSONAL NAME
Personal name მეტრეველი, როინ
Dates associated with a name მთავარი რედაქტორი
9 (RLIN) 19169
700 ## - ADDED ENTRY--PERSONAL NAME
Personal name ხუციშვილი, გიორგი
Relator term ყდის დიზაინერი
9 (RLIN) 19170
942 ## - ADDED ENTRY ELEMENTS (KOHA)
Source of classification or shelving scheme
Koha item type წიგნი
ეგზემპლარები
ჩამოწერის სტატუსი დაკარგული ეგზემპლარის სტატუსი კლასიფიკაციის წყარო ან თაროზე გაწყობის სქემა დაზიანების სტატუსი არ გაიცემა მუდმივი მდებარეობა (დაცვის ადგილი) ამჟამინდელი ადგილსამყოფელი თაროზე განთავსების ადგილი შეძენის თარიღი ღირებულება, შესყიდვის ნორმალური ფასი სრული შენახვის შიფრი შტრიხკოდი ბოლო ოპერაციის თარიღი ეგზემპლარის მიმდევრობითი ნომერი (კეტერი?) Uniform Resource Identifier ფასის ძალაში შესვლის თარიღი ეგზემპლარის სახეობა საჯარო შენიშვნა
          ბათუმის შოთა რუსთაველის სახელმწიფო უნივერსიტეტის მთავარი ბიბლიოთეკა ბათუმის შოთა რუსთაველის სახელმწიფო უნივერსიტეტის მთავარი ბიბლიოთეკა წიგნსაცავი 2023-07-05 8.00 27-772(479.222) გ-22 64895 2023-07-05 64895 ბსუ-ს საპატიო დოქტორის გურამ ლორთქიფანიძის საჩუქარი 2023-07-05 წიგნი 8.00